Земното минало 1. Трите тела (Запис номер 381139)
[ съкратено ]
| 000 -Лидер | |
|---|---|
| Контролно поле с фиксирана дължина | 01499nam a2200337 a 4500 |
| 003 - Код на организацията, давaща контролен номер | |
| Контролно поле | BLK |
| 005 - Дата и час на последна редакция | |
| Контролно поле | 20250129115443.0 |
| 008 - Елементи от данни с фиксирана дължина | |
| fixed length control field | 202008b bul|||||r ||||||| ||bul|| |
| 020 ## - Международен стандартен номер на книга ISBN | |
| Международен стандартен номер на книга ISBN | 9786190206088 |
| 040 ## - Източник на каталожния запис | |
| Идентификатор на билиотеката - собственик на записа | BLK |
| 041 ## - Код за език | |
| Код за езика на текст/звукозапис или на отделно заглавие | Български |
| Код за езика КДБФ | Български |
| 072 #7 - Код за тематичната категория | |
| Код организация | bullib |
| Код за тематична категория | Н83 |
| Текст | Чужда художествена литература Н |
| 080 ## - УДК | |
| Текстов определител УДК | Китайска литература |
| УДК код - определител по УДК | 821.581 |
| УДК определител | -31 |
| УДК - код + определител | 821.581-31 |
| 100 ## - Редна дума - Автор | |
| Автор | Лиу Цъсин |
| Авторска отговорност | първи автор |
| R(LIN) | 426058 |
| Дати, свързани с автора | 1963- |
| 139 ## - Редно поле | |
| Редна дума | Лиу Цъсин |
| Авторски знак | Лит - Л 69 |
| 245 10 - Сведения за заглавието | |
| Заглавие | Земното минало 1. Трите тела |
| Подзаглавни данни | Роман |
| Редно поле (дума) | Лиу Цъсин; прев. от кит. Стефан Русинов |
| 257 ## - Страна на издаване | |
| Страна на създаване/издаване | България |
| 260 ## - Област на издателските данни | |
| Име на издателя, разпространителя и проч. | Колибри |
| Година на издаване | 2020 |
| 9 (RLIN) | 209486 |
| Място на издаване, разпространение и проч. | София |
| Издателство - префикс ISBN | 978-619-02- ; 978-619-150- ; 978-954-150- ; 978-954-529- |
| 300 ## - Физическа характеристика | |
| Страници | 432 с. |
| Размери/Мащаб | 21 см |
| 380 ## - Жанр | |
| Жанр | Худож. лит. |
| 500 ## - Общи забележки | |
| Забележка | Ориг. загл. на кит ез.<br/>Пълната форма на името на прев. Стефан Русинов е Стефан Русинов Иванов<br/>Биогр. данни за авт. отбелязани на гърба на кор.<br/>Ч. 1 от трилогията Земното минало |
| 700 ## - Други автори (авторска отговорност) | |
| Лично име | Русинов, Стефан |
| Автороска отговорност (Описва отношението между автора и произведението) | прев. от кит. |
| 9 (RLIN) | 386241 |
| 856 4# - Електронен адрес и достъп | |
| Електронен формат | pdf - файл |
| 856 4# - Електронен адрес и достъп | |
| Електронен формат | pdf - файл |
| 942 ## - АРТИКУЛИ | |
| Вид на библиотечния материал | Книги |
| Скрит в OPAC | Не |
| Периодичен библиозапис | Да |
| Koha issues (borrowed), all copies | 32 |
| 944 ## - СЪЗДАВАНЕ И РЕДАКЦИЯ на ЗАПИСА | |
| Създаване/Редакция | Създаване |
| Дата на регистрацията/редакция | 2020-08-11 |
| Служител, извършил регистрацията/редакцията | 30576 |
| Статус, дата на статуса | Цветомила Тодорова |
| 999 ## - СИСТЕМНИ КОНТРОЛНИ НОМЕРА | |
| Koha biblionumber | 381139 |
| Koha biblioitemnumber | 381139 |
| 999 ## - СИСТЕМНИ КОНТРОЛНИ НОМЕРА | |
| Koha biblioitemnumber | 381139 |
| 999 ## - СИСТЕМНИ КОНТРОЛНИ НОМЕРА | |
| Koha biblioitemnumber | 381139 |
| 999 ## - СИСТЕМНИ КОНТРОЛНИ НОМЕРА | |
| Koha biblioitemnumber | 381139 |
| 999 ## - СИСТЕМНИ КОНТРОЛНИ НОМЕРА | |
| Koha biblioitemnumber | 381139 |
| Код за отписване | Код за изгубен артикул | Източник на класификационната схема | Код за повреда | Коз за рестрикции | Код за отдаване | Артикулен № | Име на библиотеката - собственик | Име на библиотеката, в която се намира в момента | Статус (Текущо местоположение) | Дата на вписване в системата | Местоположение - отдел | Цена в лева | Систематично азбучна сигнатура | Баркод | Цена в евро | Служебен тип на артикула |
|---|---|---|---|---|---|---|---|---|---|---|---|---|---|---|---|---|
| Не е изгубен | Universal Decimal Classification | Не е повреден | без рестрикции | заемане за дома | 799278 | Регионална библиотека "Любен Каравелов" Русе | Регионална библиотека "Любен Каравелов" Русе | Заемна - подръчен фонд | 2020-09-16 | Заемна - подръчен фонд | 16.25 | 821-31/Л 69 | 120000846783 | 8.31 | Книги | |
| Не е изгубен | Universal Decimal Classification | Не е повреден | без рестрикции | заемане за дома | 799279 | Регионална библиотека "Любен Каравелов" Русе | Регионална библиотека "Любен Каравелов" Русе | Количка | 2020-09-16 | Заемна - подръчен фонд | 16.25 | 821-31/Л 69 | 120000846784 | 8.31 | Книги | |
| Не е изгубен | Universal Decimal Classification | Не е повреден | без рестрикции | заемане за дома | 799280 | Регионална библиотека "Любен Каравелов" Русе | Регионална библиотека "Любен Каравелов" Русе | Количка | 2020-09-16 | Заемна - подръчен фонд | 16.25 | 821-31/Л 69 | 120000846782 | 8.31 | Книги |